|
|
|
|
| LEADER |
00000nam a2200000 i 4500 |
| 001 |
DIGUAZUAY0266 |
| 003 |
NyNyDIG |
| 007 |
cr ||||||||||| |
| 008 |
260114s2024 ec a o 000 f spa d |
| 006 |
m o d |
| 035 |
|
|
|a (OCoLC)1569883847
|
| 040 |
|
|
|a DGITA
|b eng
|e rda
|e pn
|c DGITA
|
| 020 |
|
|
|a 9789942670076
|q eBook
|
| 020 |
|
|
|z 9789942670069
|
| 050 |
1 |
4 |
|a PQ8220.13.A88 ebook
|
| 100 |
1 |
|
|a Castro R., Juan Pablo,
|d 1971-
|e author.
|
| 245 |
1 |
3 |
|a La máscara del alacrán /
|c Juan Pablo Castro Rodas.
|
| 264 |
|
1 |
|a Cuenca, Ecuador :
|b Universidad del Azuay, Casa Editora,
|c [2024]
|
| 300 |
|
|
|a 1 online resource :
|b color illustrations.
|
| 336 |
|
|
|a text
|b txt
|2 rdacontent
|
| 337 |
|
|
|a computer
|b c
|2 rdamedia
|
| 338 |
|
|
|a online resource
|b cr
|2 rdacarrier
|
| 347 |
|
|
|a text file
|2 rdaft
|
| 347 |
|
|
|b PDF
|
| 490 |
1 |
|
|a Litterae. Novela
|
| 588 |
0 |
|
|a Online resource; title from PDF title page (Digitalia, viewed January 14, 2026)
|
| 655 |
|
7 |
|a Detective and mystery fiction.
|2 lcgft
|
| 791 |
2 |
|
|a Digitalia (Firm),
|e distributor.
|
| 793 |
0 |
|
|g Digitalia eBook Collection:
|a Universidad del Azuay
|
| 776 |
0 |
8 |
|i Print version:
|a Castro R., Juan Pablo, 1971-
|t Máscara del alacrán.
|d Cuenca, Ecuador : Universidad del Azuay, Casa Editora, [2024]
|z 9789942670069
|
| 830 |
|
0 |
|a Litterae (Cuenca, Ecuador).
|p Novela.
|
| 856 |
4 |
0 |
|3 Digitalia Hispánica
|u https://www.digitaliapublishing.com/a/170494/
|
| 910 |
|
|
|a Premium collection: 2026
|